FIFA World Cup 2026 - Bosnia & Herzegovina Squad - Statistics

General Stats
  • This quiz has been taken 4 times
  • The average score is 17 of 27
Answer Stats
Team # Position Club/Country Player % Correct
Bosnia and Herzegovina 7 RB SL Benfica Amar Dedić
100%
Bosnia and Herzegovina 11 ST FC Schalke 04 Edin Dzeko
100%
Bosnia and Herzegovina 10 ST VfB Stuttgart Ermedin Demirovic
100%
Bosnia and Herzegovina 20 RW PSV Eindhoven Esmir Bajraktarevic
100%
Bosnia and Herzegovina 19 LW Red Bull Salzburg Kerim Alajbegovic
100%
Bosnia and Herzegovina 1 GK FC St. Pauli Nikola Vasilj
100%
Bosnia and Herzegovina 5 CB Atalanta BC Sead Kolasinac
100%
Bosnia and Herzegovina 23 ST Borussia Mönchengladbach Haris Tabakovic
75%
Bosnia and Herzegovina 14 DM Pafos FC Ivan Sunjic
75%
Bosnia and Herzegovina 25 ST FC Universitatea Cluj Jovo Lukić
75%
Bosnia and Herzegovina 18 CB FC Schalke 04 Nikola Katic
75%
Bosnia and Herzegovina Manager Bosnia and Herzegovina Sergej Barbarez
75%
Bosnia and Herzegovina 21 CB HNK Rijeka Stjepan Radeljic
75%
Bosnia and Herzegovina 15 RM FC Viktoria Plzen Amar Memić
50%
Bosnia and Herzegovina 16 DM Hull City Amir Hadziahmetovic
50%
Bosnia and Herzegovina 6 CM Bröndby IF Benjamin Tahirović
50%
Bosnia and Herzegovina 3 CB UC Sampdoria Dennis Hadzikadunic
50%
Bosnia and Herzegovina 17 DM Karlsruher SC Dzenis Burnic
50%
Bosnia and Herzegovina 13 CM FC Astana Ivan Basic
50%
Bosnia and Herzegovina 22 GK HNK Rijeka Martin Zlomislic
50%
Bosnia and Herzegovina 9 ST Jagiellonia Bialystok Samed Bazdar
50%
Bosnia and Herzegovina 4 CB US Sassuolo Tarik Muharemović
50%
Bosnia and Herzegovina 26 AM FC Slovan Liberec Ermin Mahmic
25%
Bosnia and Herzegovina 24 CB RC Lens Nidal Celik
25%
Bosnia and Herzegovina 12 GK Slaven Belupo Koprivnica Osman Hadzikic
25%
Bosnia and Herzegovina 8 CM BSC Young Boys Armin Gigovic
0%
Bosnia and Herzegovina 2 CB Gaziantep FK Nihad Mujakic
0%
No matching quizzes found
Score Distribution
Percent of People with Each Score
Percentile by Number Answered
Your Score History
You have not taken this quiz